| 000 | 01621nam a2200301Ia 4500 | ||
|---|---|---|---|
| 003 | OSt | ||
| 005 | 20210527145903.0 | ||
| 008 | 210310s2011 mx fr 000 0 spa d | ||
| 020 | _a9786071606174 | ||
| 040 |
_aCO-JMCR _cCO-JMCR |
||
| 041 | 1 |
_aspa _heng |
|
| 082 | 0 | 4 |
_a333.2 / _bO856g _223 |
| 100 | 1 |
_aOstrom, Elinor, _915959 _eautor |
|
| 245 | 1 | 3 |
_aEl gobierno de los bienes comunes : _bla evolución de las instituciones de acción colectiva / _cElinor Ostrom ; traducción y revisión técnica, Leticia Merino Pérez |
| 250 | _aSegunda edición | ||
| 260 |
_aMéxico : _bInstituto de Investigaciones Sociales : _bUniversidad Nacional Autónoma de México : _bFondo de Cultura Económica, _c2011 |
||
| 300 |
_a403 páginas ; _c21 cm. |
||
| 490 | 0 | _aEconomía | |
| 500 | _aTítulo original: Governin the commons. The evolution of institutions for collective action. | ||
| 500 | _aIncluye notas a pie de página. | ||
| 504 | _aBibliografía: páginas 361-399 | ||
| 505 | 0 | _aReflexiones sobre los bienes comunes -- Una perspectiva institucional para el estudio de la auto-organización y el autogobierno en casos de RUC -- Análisis de RUC de larga duración, auto organizados y autogobernados -- Análisis del cambio institucional -- Análisis de los fracasos y de las fragilidades institucionales -- Un marco para el análisis de la autoorganización y autogestión de RUC | |
| 546 | _aTraducido del inglés | ||
| 650 | 1 | 4 |
_aElección social _915961 _xEstudio de casos |
| 650 | 2 | 4 |
_aComunes _xEstudio de casos _937991 |
| 700 | 1 |
_aMerino Pérez, Leticia, _etraductora y revisora _937992 |
|
| 942 |
_2ddc _cBK |
||
| 999 |
_c7970 _d7970 |
||